000 00796cam a22002771 4500
001 sa 68020001
003 DLC
005 20260227112721.0
008 940711s1967 ii 000 0 telo
010 _asa 68020001
025 _aPL480:I-Te-1923
035 _a(OCoLC)30748239
040 _aDLC
_cCU
_dCU
_dDLC
042 _apremarc
050 0 0 _aPK3642.U3
_bV9
100 1 _aVyasamurty, Kaluri,
_d1906-
245 1 0 _aTikkana kaḷā sāmrājyamu, Sañjaya rāyabāramu.
260 _c[1967]
300 _a8, 166 p.
_c18 cm.
500 _aIn Telugu.
500 _aIncludes selections from Tikkana's Udyogaparvamu.
600 0 0 _aTikkana,
_d1220-1300.
_tUdyogaparvamu.
630 0 0 _aMahābhārata.
700 0 _aTikkana,
_d1220-1300.
_tUdyogaparvamu.
740 0 _aSañjava rāyabāramu.
999 _c89198
_d89198